000 00773nas a2200253 4500
001 BR0600472
003 BR-BrBNA
005 20231205105818.0
007 ta
008 230509b bl.|||p| |||| 00| 00por d
040 _aBR-BrBNA
_bpor
_cBiblioteca Nacional de Agricultura
041 _a(Pt)
072 _aF50; E50
100 1 _aPalhares, D.
100 1 _aSilveira, C.E.S.
245 1 _aEstudo anatômico do rizoma de Smilax goyazana A. DC. (Smilacaceae)
650 _aPLANTA MEDICINAL
650 _aANATOMIA VEGETAL
650 _aRIZOMA
650 _aMONOCOTILEDÔNEA
773 0 _tRevista Brasileira de Plantas Medicinais (Brazil)
_xISSN 1516-0572
_g(Oct 2005), v. 8(1) p. 52-62
_wBR0600472
909 _a202311
_bLúcia
_c55
_dLúcia Elande
942 _2AGRIS
_n0
_cANA
999 _c184801
_d184801